Dilema kúpeľných miest.

Rozhovor s primátorkou mesta Turčianské Teplice MUDr. A. Chlapíkovou o problémoch transformácie čs. zdravotníctva a o špecifikách kúpeľného mesta. Stanovisko k predpokladom skvalitnenia zdravotníckych služieb, k úlohám obce a mesta v tomto procese, k využívaniu finančných prostriedkov určených pre z...

Description complète

Enregistré dans:
Détails bibliographiques
Auteur principal: Chlapíková, A.
Autres auteurs: Simonidesová, V.
Format: Chapitre de livre
Langue:slovaque
Sujets:
Tags: Ajouter un tag
Pas de tags, Soyez le premier à ajouter un tag!

MARC

LEADER 00000naa a2200000 4500
001 r007990
005 20220831085519.4
041 0 |a slo 
044 |a [CS] 
245 1 0 |a Dilema kúpeľných miest.  |c A. Chlapíková, V. Simonidesová 
520 |a Rozhovor s primátorkou mesta Turčianské Teplice MUDr. A. Chlapíkovou o problémoch transformácie čs. zdravotníctva a o špecifikách kúpeľného mesta. Stanovisko k predpokladom skvalitnenia zdravotníckych služieb, k úlohám obce a mesta v tomto procese, k využívaniu finančných prostriedkov určených pre zdravotníctvo, k ovplyvňovaniu správania sa občanov k vlastnému zdraviu a k presunu kompetencií. 
610 2 0 |a kúpele 
610 2 0 |a liečenie kúpeľné 
610 2 0 |a Turčianske Teplice 
610 2 0 |a zdravotníctvo 
610 2 0 |a ČSFR 
610 2 0 |a reformy hospodárske 
610 2 0 |a správa miestna 
610 2 0 |a obce 
610 2 0 |a mestá 
610 2 0 |a financie 
100 1 |a Chlapíková, A. 
700 1 |a Simonidesová, V.